000 00340nam a2200121Ia 4500
008 240731s9999 xx 000 0 und d
022 _a1651-2340
245 0 _aJournal of Scandinavian Studies in Criminology and Crime Prevention
260 _bRoutledge
856 _uhttps://www.tandfonline.com/loi/scri20
942 _2ddc
942 _cTFEJ
999 _c78147
_d78147
945 _a1
_bMadushi Gamage
_c1
_dMadushi Gamage